000 00591cam a2200241 4500
001 J83249
008 090401t1997 xxu||||| |||| 00| 0 eng d
035 _a(Sirsi) u77620
041 _aeng
050 _a333.337
110 _aSavills
_92020
245 _a1996 annual market review : regional offices.
260 _aLondon
_bSavills
_c1997
300 _a(6)p. ; 30cm.
350 _a0
650 _aFLOORSPACE STATISTICS
650 _aLONDON
650 _aSOUTH EAST
650 _aWESTERN CORRIDOR
690 _aPROPERTY-COMMERCIAL PROPERTY
942 _n0
948 _c07/04/1997
999 _c96329
_d96329